Normal view
MARC view
- ابو سكينة، نادية حسن ، راغب،رشا عبد العاطي
Entry Personal Name
001 - CONTROL NUMBER
- control field: 43001
003 - CONTROL NUMBER IDENTIFIER
- control field: JO-AjAnu
005 - DATE AND TIME OF LATEST TRANSACTION
- control field: 20230606081130.0
008 - FIXED-LENGTH DATA ELEMENTS
- fixed length control field: 230606|| aca||aabn | a|a d
040 ## - CATALOGING SOURCE
- Original cataloging agency: JO-AjAnu
- Transcribing agency: JO-AjAnu
100 ## - HEADING--PERSONAL NAME
- Personal name: ابو سكينة، نادية حسن ، راغب،رشا عبد العاطي
670 ## - SOURCE DATA FOUND
- Source citation: Work cat.: (JO-AjAnu)22023: ابو سكينة، نادية حسن ، راغب،رشا عبد العاطي, author, مشكلات الطفولة بين النظرية والتطبيق